000
00335 a2200157 4500
001
70710
020
_a
040
_c
Anchieta - Itaigara
100
_a
Empresa Baiana de Jornalismo S.A.
240
1
0
_a
A voz do escândalo
_l
por
245
1
0
_a
A voz do escândalo
300
_a
83
362
0
_a
2003
650
4
_a
Bahia
942
_c
BK
999
_c
70710
_d
70710